LEADER 01321nam0-22003611i-450- 001 990004453270403321 005 20100921105028.0 035 $a000445327 035 $aFED01000445327 035 $a(Aleph)000445327FED01 035 $a000445327 100 $a19990604g19661969km-y0itay50------ba 101 0 $afre 102 $aFR 105 $ay-------001yy 200 1 $aThéologie trinitaire de Tertullien$fJoseph Moingt$gouvrage publié avec le Concours du Centre National de la Recherche Scientifique 210 $aParis$cAubier$d1966-1969 215 $a4 v. (281; [295]-676 ;[683]-1091;315 p.)$d23 cm 225 1 $aThéologie$v68$v69$v70$v75 327 0 $a1.: Histoire, doctrine, méthodes$a2.: Substantialité et individualité$a3.: Unité et processions$a4.: Répertoire lexicographique et tables 600 0$aTertulliano, Quinto Settimio Florente 676 $a231.044092 700 1$aMoingt,$bJoseph$0177548 801 0$aIT$bUNINA$gRICA$2UNIMARC 901 $aBK 912 $a990004453270403321 952 $a231.044 TER 1 (1)$bBibl. 40991$fFLFBC 952 $a231.044 TER 1 (2)$bBibl. 40992$fFLFBC 952 $a231.044 TER 1 (3)$bBibl. 40993$fFLFBC 952 $a231.044 TER 1 (4)$bBibl. 43851$fFLFBC 959 $aFLFBC 996 $aThéologie trinitaire de Tertullien$9544427 997 $aUNINA LEADER 01752nam 2200385 a 450 001 9910700972103321 005 20111018144729.0 035 $a(CKB)5470000002413304 035 $a(OCoLC)757543460 035 $a(EXLCZ)995470000002413304 100 $a20111018d2011 ua 0 101 0 $aeng 135 $aurcn||||||||| 181 $ctxt$2rdacontent 182 $cc$2rdamedia 183 $acr$2rdacarrier 200 00$aEstimated probabilities, volumes, and inundation area depths of potential postwildfire debris flows from Carbonate, Slate, Raspberry, and Milton Creeks, near Marble, Gunnison County, Colorado$b[electronic resource] /$fby Michael R. Stevens ... [and others] ; prepared in cooperation Gunnison County 210 1$aReston, Va. :$cU.S. Dept. of the Interior, U.S. Geological Survey,$d2011. 215 $a1 online resource (v, 30 pages) $cillustrations (chiefly color), color maps 225 1 $aScientific investigations report ;$v2011-5047 300 $aTitle from title screen (viewed on Oct. 18, 2011). 320 $aIncludes bibliographical references (pages 28-30). 606 $aPost-fire forest management$zColorado$zGunnison County 606 $aDebris avalanches$zColorado$zGunnison County 615 0$aPost-fire forest management 615 0$aDebris avalanches 701 $aStevens$b Michael R$01385401 712 02$aGeological Survey (U.S.) 712 02$aGunnison County (Colo.) 801 0$bGPO 801 1$bGPO 906 $aBOOK 912 $a9910700972103321 996 $aEstimated probabilities, volumes, and inundation area depths of potential postwildfire debris flows from Carbonate, Slate, Raspberry, and Milton Creeks, near Marble, Gunnison County, Colorado$93436954 997 $aUNINA